Sudden Death - Sudden Death Letters - Statistics

General Stats
  • This quiz has been taken 218 times
  • The average score is 7 of 8
Answers on the Grid
Answers color-coded by a green-red scale on the quiz's grid according to % correct below.
A
B
C
D
E
F
H
I
L
M
N
O
S
T
U
Z
 
Answer Stats
Answer % Correct
A
89%
E
88%
D
86%
S
84%
N
83%
U
80%
H
77%
T
76%
No matching quizzes found
Score Distribution
Percent of People with Each Score
Percentile by Number Answered
Your Score History
You have not taken this quiz